00630cam a22002293a 45000010005000000030006000050050017000110080041000280400015000690420007000840500007000910500007000981000033001052450065001382600029002035060030002325160020002626530020002826530029003028300028003318560041003592795PGUSA20140828083021.0010901s2001||||xxu|||||s|||||000 1 eng d aPGUSAbeng adc 4aPR 4aPZ1 aOllivant, Alfred,d1874-192710aBob, Son of Battleh[electronic resource] /cAlfred Ollivant bProject Gutenberg,c2001 aPublic domain in the USA. aElectronic text aDogs -- Fiction aDogs -- Juvenile fiction 0aProject Gutenbergv279540uhttp://www.gutenberg.org/ebooks/2795